LEADER 01055nam--2200349---450 001 990001414790203316 005 20200903064453.0 035 $a000141479 035 $aUSA01000141479 035 $a(ALEPH)000141479USA01 035 $a000141479 100 $a20040211d2001----km-y0itaa50------ba 101 0 $arus 102 $aRU 105 $ay|||z|||001yy 200 1 $aRomany ; Belaja gvardija ; Teatral'nyj Roman ; Master i Margarita$fMichail Bulgakov 210 $aLeningrad$bChudozestvennaja Literatura$c1978 215 $a811 p.$c1 ritratto$d20 cm 410 0$12001 454 1$12001 541 $aRomanzi 541 $a<> guardia bianca 541 $a<> romanzo teatrale 541 $a<> Maestro e Margherita 700 1$aBULGAKOV,$bMihail Afanas?evi?$0222457 801 0$aIT$bSalbc$cISBD 912 $a990001414790203316 951 $aVIII.1.B. 146(II r A 172)$b84775 L.M.$cII r 959 $aBK 969 $aUMA 996 $aRomany ; Belaja gvardija ; Teatral'nyj Roman ; Master i Margarita$92842750 997 $aUNISA LEADER 01470nam0-22003611i-450 001 990005619140403321 005 20240527163428.0 035 $a000561914 035 $aFED01000561914 035 $a(Aleph)000561914FED01 035 $a000561914 100 $a19990604d1979----km-y0itay50------ba 101 0 $aita 102 $aIT 105 $aaf--a---101yy 200 1 $a<>arte a Parma dai Farnese ai Borbone$eParma, Palazzo della Pilotta, 22 settembre-22 dicembre 1979$e10. Biennale d'arte antica$el'Arte del Settecento Emiliano$f[catalogo critico a cura di Bruno Adorni ... et al.] 210 $aBologna$cEdizioni Alfa$d1979 215 $aXVI, 497 p., [114] c. di tav.$d21 cm 225 1 $a<>arte del Settecento in Emilia e in Romagna 300 $aIn testa al frontespizio: Regione Emilia Romagna, Manifestazioni settecentesche; Comuni di Parma, Bologna, Faenza; Ente bolognese manifestazioni artistiche; Soprintendenza ai beni artistici e storici di Parma e Piacenza 610 0 $aArte$aParma$aSec. 18.$aEsposizioni$a1979 676 $a709.45 702 1$aAdorni,$bBruno 710 12$aBiennale d'arte antica,$d10.$f<1979 ;$eBologna, Faenza, Parma>$0401019 801 0$aIT$bUNINA$gRICA$2UNIMARC 901 $aBK 912 $a990005619140403321 952 $a709.033 RICE 01$bST.ARTE 14037$fFLFBC 952 $a14.300$b7226$fDARST 959 $aFLFBC 959 $aDARST 996 $aArte a Parma dai Farnese ai Borbone$9604387 997 $aUNINA